000 00250nam a2200121Ia 4500
008 190216s9999||||xx |||||||||||||| ||und||
100 _aNull
245 0 _aPublic Finance
260 _bMacmillan
300 _a677p
650 _aEconomics
942 _cBK
999 _c9271
_d9271